Устремленный в будущее: о профессоре Г. П. Хандорине; Томский политехник; Вып. 6
| Parent link: | Томский политехник: ежегодный журнал/ Томский политехнический университет (ТПУ), Ассоциация выпускников.— , 1995- Вып. 6.— 2000.— [С. 116-117] |
|---|---|
| Auteur principal: | |
| Résumé: | Заглавие с титульного листа Электронная версия печатной публикации |
| Langue: | russe |
| Publié: |
2000
|
| Collection: | ТПУ в экономике, бизнесе, политике |
| Sujets: | |
| Accès en ligne: | Цветная версия без потери качества |
| Format: | MixedMaterials Électronique Chapitre de livre |
| KOHA link: | https://koha.lib.tpu.ru/cgi-bin/koha/opac-detail.pl?biblionumber=190662 |
MARC
| LEADER | 00000nla2a2200000 4500 | ||
|---|---|---|---|
| 001 | 190662 | ||
| 005 | 20231031180318.0 | ||
| 035 | |a (RuTPU)RU\TPU\book\207838 | ||
| 035 | |a RU\TPU\book\207827 | ||
| 090 | |a 190662 | ||
| 100 | |a 20110127d2000 km y0rusy50 ca | ||
| 101 | 0 | |a rus | |
| 102 | |a RU | ||
| 135 | |a drnn ---uucaa | ||
| 181 | 0 | |a i | |
| 182 | 0 | |a b | |
| 200 | 1 | |a Устремленный в будущее |b Электронный ресурс |e о профессоре Г. П. Хандорине |f Г. В. Каляцкая | |
| 203 | |a Текст |c электронный | ||
| 215 | |a 1 файл (6.5 Мб) | ||
| 225 | 1 | |a ТПУ в экономике, бизнесе, политике | |
| 230 | |a Электронные текстовые данные (1 файл : 6.5 Мб) | ||
| 300 | |a Заглавие с титульного листа | ||
| 300 | |a Электронная версия печатной публикации | ||
| 337 | |a Adobe Reader | ||
| 461 | 1 | |0 (RuTPU)RU\TPU\book\202435 |t Томский политехник |o ежегодный журнал |f Томский политехнический университет (ТПУ), Ассоциация выпускников |d 1995- | |
| 463 | 1 | |0 (RuTPU)RU\TPU\book\207559 |t Вып. 6 |v [С. 116-117] |d 2000 |p 225 с. | |
| 600 | 1 | |a Хандорин |b Г. П. |c российский ученый |c выпускник ФТФ ТПИ 1956 г. |g Геннадий Петрович |f 1932- |c профессор Томского политехнического университета |c генеральный директор СХК и ТНХК |y Томск |2 stltpush |3 (RuTPU)RU\TPU\pers\19477 | |
| 601 | 0 | 2 | |a Томский политехнический институт (ТПИ) |c (1944-1991) |2 stltpush |3 (RuTPU)RU\TPU\col\1123 |
| 601 | 0 | 2 | |a Томский политехнический университет (ТПУ) |c (1991-2009) |2 stltpush |3 (RuTPU)RU\TPU\col\376 |
| 601 | 0 | 2 | |a Сибирский химический комбинат (СХК) |c Федеральное государственное унитарное предприятие |c (Северск) |2 stltpush |3 (RuTPU)RU\TPU\col\111 |
| 610 | 1 | |a выпускники ТПУ | |
| 610 | 1 | |a российские ученые | |
| 610 | 1 | |a профессора | |
| 610 | 1 | |a директора | |
| 610 | 1 | |a физики-техники | |
| 610 | 1 | |a биографии | |
| 610 | 1 | |a электронный ресурс | |
| 700 | 1 | |a Каляцкая |b Г. В. |c российский химик-технолог |c доцент Томского политехнического университета |c кандидат технических наук |c выпускник ХТФ Томского политехнического института 1953 г. |f 1931- |g Галина Васильевна |2 stltpush |3 (RuTPU)RU\TPU\pers\27759 | |
| 801 | 1 | |a RU |b 63413507 |c 20101101 | |
| 801 | 2 | |a RU |b 63413507 |c 20110412 |g RCR | |
| 856 | 4 | |u http://www.lib.tpu.ru/fulltext/v/Tomsk_polytechnic/2000/N6a28_full.pdf |z Цветная версия без потери качества | |
| 942 | |c CF | ||